اردو شاعری کے روشن چراغ / (Record no. 106527)

MARC details
000 -LEADER
fixed length control field 00978nam a22002537a 4500
005 - DATE AND TIME OF LATEST TRANSACTION
control field 20170123162313.0
010 ## - LIBRARY OF CONGRESS CONTROL NUMBER
LC control number B-050543
020 ## - INTERNATIONAL STANDARD BOOK NUMBER
Terms of availability 100.00
International Standard Book Number 8187231319
035 ## - SYSTEM CONTROL NUMBER
System control number B-050543
037 ## - SOURCE OF ACQUISITION
Source of stock number/acquisition Cen Lib/Ret
040 ## - CATALOGING SOURCE
Original cataloging agency DPL
Language of cataloging UR
082 ## - DEWEY DECIMAL CLASSIFICATION NUMBER
Classification number 841.08
Item number م ت ی
100 ## - MAIN ENTRY--PERSONAL NAME
Personal name طارق، متین
9 (RLIN) 112872
245 ## - TITLE STATEMENT
Title اردو شاعری کے روشن چراغ /
Statement of responsibility, etc متین طارق
246 ## - VARYING FORM OF TITLE
Title proper/short title Urdu shairi ke roshan chiragh /
Remainder of title by Tariq Mateen
260 ## - PUBLICATION, DISTRIBUTION, ETC. (IMPRINT)
Place of publication, distribution, etc دہلی
Name of publisher, distributor, etc تخلیقکار پبلشرز
Date of publication, distribution, etc 2001
270 ## - ADDRESS
City دہلی
Postal code 110092
Address ١٠٤/ب ، یاور منجیل لکشمی نگار
300 ## - PHYSICAL DESCRIPTION
Extent 171p.
Dimensions 19cm(Hb)
650 ## - SUBJECT ADDED ENTRY--TOPICAL TERM
Topical term or geographic name as entry element ادب - اردو
9 (RLIN) 112873
650 ## - SUBJECT ADDED ENTRY--TOPICAL TERM
Topical term or geographic name as entry element اردو شاعری - 20th صدی - تاریخ اور تنقید.اردو مضامین
9 (RLIN) 112874
650 ## - SUBJECT ADDED ENTRY--TOPICAL TERM
Topical term or geographic name as entry element Literature -- Urdu
9 (RLIN) 112875
650 ## - SUBJECT ADDED ENTRY--TOPICAL TERM
Topical term or geographic name as entry element Urdu poetry -- 20th century -- History and criticism.
9 (RLIN) 109047
942 ## - ADDED ENTRY ELEMENTS (KOHA)
Source of classification or shelving scheme Dewey Decimal Classification
Koha item type Urdu Bks
Classification part 841.08
Call number suffix م ت ی
Holdings
Withdrawn status Lost status Damaged status Not for loan Home library Current library Date acquired Source of acquisition Cost, normal purchase price Total Checkouts Full call number Barcode Date last seen Copy number Cost, replacement price Price effective from Koha item type
        Central Library Central Library 23/12/2015 Cen Lib/Ret 100.00   841.08 م ت ی B-050543 23/12/2015 1 100.00 15/09/2016 Urdu Bks

© Delhi Public Library
Hit Counter
free hit counter